000 00728nam a2200241Ia 4500
005 20260430150521.0
008 008 250103s9999 xx 000 0 eng d
037 _aTheses
040 _aCRL
040 _beng
040 _ceng
041 _2eng
041 _aeng
084 _qCRL
100 _aMeraj Ahmad Au.; Naimul Hasan Gu.
_91237734
245 0 _aAsham Nabeel Farooq fi al-adab al-buleesi ballughat al-arabiya: dirasath inteqaiyah (Contribution of Nabil Farooq to the detective literature in Arabic: an elective study)
260 _c2022
300 _a354p.
650 _aArabic Literature
700 _aUniversity of Delhi. Faculty of Arts. Dept. of Arabic
942 _cTH
999 _c1849973
_d1849973